000 03967cam a22003851 4500
001 29037
003 BD-RjUL
005 20211209051349.0
008 140402s1955 enkac b 001 0 engdd
020 _a0876681356
035 _a(BD-RjUL)29122
040 _aDLC
_cDLC
_dDLC
_dBD-RjUL
_beng
041 1 _aengger
082 0 0 _a131.3462
_bFRS V-10 1955
100 1 _aFreud, Sigmund,
_d1856-1939.
_988698
245 1 4 _aThe standard edition of the complete psychological works of Sigmund Freud /
_cTranslated from the German under the general editorship of James Strachey, in collaboration with Anna Freud, assisted by Alix Strachey and Alan Tyson.
_nVolume X :
_pTwo Case Histories
260 _aLondon :
_bHogarth Press,
_c1955.
300 _a342 p. :
_bill. ;
_c22 cm.
500 _aVol. 24, indexes and bibliographies, compiled by A. Richards.
500 _aSupplemented by: Abstracts of The standard edition of the complete psychological works of Sigmund Freud. Edited by Carrie Lee Rothgeb. Rockville, Md., National Institute of Mental Health; [for sale by the Supt. of Docs., U.S. Govt. Print. Off., Washington, 1971] ix, 180, 47 p. 27 cm. BF173.F6253 Suppl.
500 _aSupplemented by: Abstracts of The standard edition of the complete psychological works of Sigmund Freud. Edited by Carrie Lee Rothgeb. New York, International Universities Press [1973] ix, 572, 189 p. 23 cm. BF173.F6253 Suppl. 2.
500 _aSupplemented by: Abstracts of The standard edition of the complete psychological works of Sigmund Freud. Edited by Carrie Lee Rothgeb. With an introd. On reading Freud, by Robert R. Holt. New York, J. Aronson [c1973] 315 p. 28 cm. BF173.F6253 Suppl. 3
504 _aIncludes bibliographies. and Index
505 0 _av. 1. Pre-psycho-analytic publications and unpublished drafts (1886-1899) -- v. 2. Studies on hysteria / Josef Breuer and Sigmund Freud (1893-1895) -- v. 3. Early psycho-analytic publications (1893-1899) -- v. 4. The interpretation of dreams (first part) (1900) -- v. 5. The interpretation of dreams (second part) and On dreams (1900-1901) -- v. 6. The psychopathology of everyday life (1901) -- v. 7. A case of hysteria, Three essays on sexuality, and Other works (1901-1905) -- v. 8. Jokes and their relation to the unconscious (1905) -- v. 9. Jensen's 'Gradiva' and other works (1906-1908) -- v. 10. Two case histories ('Little Hans' and the 'Rat Man') (1909) -- v. 11. Five lectures on psycho-analysis, Leonardo da Vinci and Other works (1910) -- v. 12. Case history of Schreber, Papers on Technique and Other works (1911-1913) -- v. 13. Totem and taboo and Other works (1913-1914) -- v. 14. On the history of the psycho-analytic movement, Papers on metapsychology and Other works (1914-1916) -- v. 15. Introductory lectures on psycho-analysis (parts I and II) (1915-1916) -- v. 16. Itroductory lectures on psycho-analysis (part III) (1916-1917) -- v. 17. An infantile neurosis and Other works (1917-1919) -- v. 18. Beyond the pleasure principle, Group psychology and Other works (1920-1922) -- v. 19. 1923-1925, The ego and the id and Other works (1923-1925) -- v. 20. An autobiographical study, Inhibitions, symptoms and anxiety, The question of lay analysis and Other works (1925-1926) -- v. 21. The future of an illusion, Civilization and its discontents and Other works (1927-1931) -- v. 22. New introductory lectures on psycho-analysis and Other works (1933-1936) -- v. 23. Moses and monotheism, An outline of psycho-analysis and Other works (1937-1939) -- v. 24. Indexes and bibliographies / compiled by Angela Richards.
650 0 _aPsychoanalysis.
_988699
700 1 _aStrachey, James,
_eed.
_987491
700 1 _aFreud, Anna,
_d1895-1982,
_eed.
_988700
700 1 _aRothgeb, Carrie Lee,
_d1925-
_eed.
_988701
700 1 _aRichards, Angela.
_988702
710 2 _aScientific Literature Corporation.
_988703
942 _2ddc
_cBK
999 _c29037
_d29037